NURSING NOW TODAY'S ISSUES, TOMORROW'S TRENDS (Record no. 865902)

MARC details
000 -LEADER
fixed length control field 00342nam a2200133Ia 4500
008 - FIXED-LENGTH DATA ELEMENTS--GENERAL INFORMATION
fixed length control field 230901s2007 xx 000 0 und d
041 ## - LANGUAGE CODE
Language code of text/sound track or separate title eng
082 ## - DEWEY DECIMAL CLASSIFICATION NUMBER
Classification number 610.73069/CAT
100 ## - MAIN ENTRY--PERSONAL NAME
Personal name CATALANO
245 ## - TITLE STATEMENT
Title NURSING NOW TODAY'S ISSUES, TOMORROW'S TRENDS
260 ## - PUBLICATION, DISTRIBUTION, ETC.
Name of publisher, distributor, etc. JAPEE. BRO.
Date of publication, distribution, etc. 2007
300 ## - PHYSICAL DESCRIPTION
Extent 138
650 ## - SUBJECT ADDED ENTRY--TOPICAL TERM
Topical term or geographic name entry element NURSING ADMINISTRATION

No items available.